Anuario de investigación 2012 (Registro nro. 4096)

Detalles MARC
000 -CABECERA
Longitud fija campo de control 00988nas a22002657a 4500
003 - IDENTIFICADOR DELl NÚMERO DE CONTROL
Identificador del número de control OSt
005 - FECHA Y HORA DE LA ÚLTIMA TRANSACCIÓN
Fecha y hora de la última transacción 20180208165701.0
008 - CÓDIGOS DE INFORMACIÓN DE LONGITUD FIJA
Códigos de información de longitud fija 130910b2012 slv spa
022 ## - NÚMERO INTERNACIONAL NORMALIZADO PARA PUBLICACIONES SERIADAS
Número Internacional Normalizado para Publicaciones Seriadas 2227-4235
040 ## - FUENTE DE LA CATALOGACIÓN
Centro transcriptor BMC
082 ## - NÚMERO DE LA CLASIFICACIÓN DECIMAL DEWEY
Númeroo de clasificación 378.00772845
082 ## - NÚMERO DE LA CLASIFICACIÓN DECIMAL DEWEY
Númeroo de clasificación 378.72840014
082 ## - NÚMERO DE LA CLASIFICACIÓN DECIMAL DEWEY
Númeroo de clasificación 001.47284
110 2# - PUNTO DE ACCESO PRINCIPAL-NOMBRE DE ENTIDAD CORPORATIVA
9 (RLIN) 1064
Nombre de entidad corporativa o nombre de jurisdicción como elemento inicial Universidad Católica de El Salvador
245 10 - MENCIÓN DE TÍTULO
Título Anuario de investigación 2012
Mención de responsabilidad, etc. UNICAES
260 ## - PUBLICACIÓN, DISTRIBUCIÓN, ETC. (PIE DE IMPRENTA)
Lugar de publicación, distribución, etc. Santa Ana
Nombre del editor, distribuidor, etc. UNICAES, Dirección de Investigación
Fecha de publicación, distribución, etc. 2012
300 ## - DESCRIPCIÓN FÍSICA
Extensión 148 p.
Otras características físicas il.
Dimensiones 28 cm
490 ## - MENCIÓN DE SERIE
Mención de serie Publicaciones de la Dirección de Investigación
Número Internacional Normalizado para Publicaciones Seriadas (ISSN) ISSN 2227-4235
Designación de volumen o secuencia 1
500 ## - NOTA GENERAL
Nota general Datos tomados de la cub.
610 24 - PUNTO DE ACCESO ADICIONAL DE MATERIA - NOMBRE DE ENTIDAD CORPORATIVA
9 (RLIN) 9278
Nombre de entidad corporativa o nombre de jurisdicción como elemento inicial Universidad Católica de El Salvador
Unidad subordinada Dirección de Investigación
Subdivisión de forma Anuarios
610 24 - PUNTO DE ACCESO ADICIONAL DE MATERIA - NOMBRE DE ENTIDAD CORPORATIVA
9 (RLIN) 8619
Nombre de entidad corporativa o nombre de jurisdicción como elemento inicial Universidad Católica de El Salvador
Subdivisi&oacute,n de materia general Actividad científica
650 24 - PUNTO DE ACCESO ADICIONAL DE MATERIA - TÉRMINO DE MATERIA
9 (RLIN) 4874
Término de materia o nombre geográfico como elemento inicial Investigación
Subdivisión geográfica El Salvador
710 20 - PUNTO DE ACCESO ADICIONAL - NOMBRE DE ENTIDAD
9 (RLIN) 9274
Nombre de entidad o nombre de jurisdicción como elemento inicial Universidad Católica de El Salvador
Unidad subordinada Dirección de Investigación
942 ## - ENTRADA DE ELEMENTOS AGREGADOS (KOHA)
Fuente de clasificaión o esquema Dewey Decimal Classification
Koha [por defecto] tipo de item 2- Prensa y Revistas
Parte de clasificación prozim
Existencias
Suprimido Perdido Fuente de clasificación o esquema Estropeado Restricciones de uso No para préstamo Código de colección Localización permanente Localización actual Localización en estanter&íacute;as Fecha adquisición Fuente de adquisición Número de inventario Préstamos totales Signatura completa Código de barras Fecha última consulta Coste, precio reemplazado Fecha del precio de reemplazo Tipo de item de Koha Fecha último préstamo
NULL NULL Dewey Decimal Classification NULL Prestable NULL NULL Biblioteca Centro Regional de Ilobasco Biblioteca Centro Regional de Ilobasco Sala Principal 14/11/2013 UNICAES 000001   ANU-000001 1038747 10/10/2016 6.00 10/10/2016 2- Prensa y Revistas  
NULL NULL Dewey Decimal Classification NULL Prestable NULL NULL Biblioteca Centro Regional de Ilobasco Biblioteca Centro Regional de Ilobasco Sala Principal 14/11/2013 UNICAES 000002   ANU-000002 1038748 10/10/2016 6.00 10/10/2016 2- Prensa y Revistas  
NULL NULL Dewey Decimal Classification NULL Prestable NULL NULL Biblioteca Miguel de Cervantes - UNICAES Biblioteca Miguel de Cervantes - UNICAES Sala Principal 14/11/2013 Donación - Dirección de Investigación 007099   ANU-000006(v. 1) 1007099 14/11/2013 6.00 14/11/2013 2- Prensa y Revistas  
NULL NULL Dewey Decimal Classification NULL Prestable NULL NULL Biblioteca Miguel de Cervantes - UNICAES Biblioteca Miguel de Cervantes - UNICAES Sala Principal 14/11/2013 Donación - Dirección de Investigación 007100   ANU-000007(v. 1) 1007100 14/11/2013 6.00 14/11/2013 2- Prensa y Revistas  
NULL NULL Dewey Decimal Classification NULL Prestable NULL NULL Biblioteca Miguel de Cervantes - UNICAES Biblioteca Miguel de Cervantes - UNICAES Sala Principal 14/11/2013 Donación - Dirección de Investigación 007101   ANU 000008(v. 1) 1007101 14/11/2013 6.00 14/11/2013 2- Prensa y Revistas  
NULL NULL Dewey Decimal Classification NULL Prestable NULL NULL Biblioteca Miguel de Cervantes - UNICAES Biblioteca Miguel de Cervantes - UNICAES Sala Principal 14/11/2013 Donación - Dirección de Investigación 007102 1 ANU-000009(v. 1) 1007102 06/05/2024 6.00 14/11/2013 2- Prensa y Revistas 04/05/2024
NULL NULL Dewey Decimal Classification NULL Prestable NULL NULL Biblioteca Miguel de Cervantes - UNICAES Biblioteca Miguel de Cervantes - UNICAES Sala Principal 14/11/2013 Donación - Dirección de Investigación 007103   ANU-000010(v. 1) 1007103 14/11/2013 6.00 14/11/2013 2- Prensa y Revistas  
NULL NULL Dewey Decimal Classification NULL Prestable NULL NULL Biblioteca Miguel de Cervantes - UNICAES Biblioteca Miguel de Cervantes - UNICAES Sala Principal 14/11/2013 Donación - Dirección de Investigación 007104 3 ANU-000011(v. 1) 1007104 16/09/2016 6.00 14/11/2013 2- Prensa y Revistas 13/09/2016